000 00537nam a2200169Ia 4500
005 20250508163443.0
008 008 250505s9999 xx 000 0 eng d
037 _aBooks to be hide in OPAC
040 _aFEDL
_beng
_cFEDL
041 _aeng
_2eng
084 _a370.954, IND/O
_qFEDL
245 0 _aBharat me shiksha. Vol 1 1984-85
245 0 _cIndia, Government Of.... Ministry Of Human Resource Development Department Of Education
300 _aix,196p.
942 _cHB
_h370.954, IND/O
999 _c1383357
_d1383357